• 首页
  • 本馆介绍
  • 公告通知
  • 最新文献
  • 馆藏检索
  • 电子资源
  • 读者导购
  • 参考咨询
  • 我的图书馆
  • 登录
  • 详细信息显示
  • 放入我的书架
  • 预约/预借图书
  • 作者相关作品
  • 分类相关作品
  • 丛书相关作品
  • 出版社相关作品

书目信息

  • 表格格式
  • 工作单格式
  • 卡片格式
书名: RC active circuits
作者: Leonard T. Bruton.
分册号:
分册名:
出版地: Englewood Cliffs, N.J. :
 
出版社: Prentice-Hall
出版时间: c1980.
页数: xv, 523 p. :
开本: 24 cm.
丛书名: Prentice-Hall series in electrical and computer engineering
中图分类号:
科图分类号:
其他分类号: TM13:H31
主题词:
电子资源:
000 00928cam a2200289 i 450
001 E0752162672
005 20070209143032.95
008 790813s1980 njua b 001 0 eng
010    @a79020212
020    @a0137534671.
035    @A(DLC) 79020212
040    @aDLC@cDLC@dDLC
050 00 @aTK7867@b.B78
082 00 @a621.3815/3
090    @aTM13:H31
099    @dTM13:H31@ex65
100 1  @aBruton, Leonard T.
245 00 @aRC active circuits :@btheory and design / @cLeonard T. Bruton.
260    @aEnglewood Cliffs, N.J. :@bPrentice-Hall,@cc1980.
300    @axv, 523 p. :@bill. ;@c24 cm.
440  0 @aPrentice-Hall series in electrical and computer engineering
500    @aIncludes index.
504    @aBibliography: p. 509-513.
650  0 @aElectronic circuits.
650  0 @aElectric networks, Active.
906    @a7@bcbc@corignew@d1@eocip@f19@gy-gencatlg
991    @bc-GenColl@hTK7867@i.B78@tCopy 1@wBOOKS
    
    RC active circuits : : theory and design / / Leonard T. Bruton.-Englewood Cliffs, N.J. : : Prentice-Hall, , c1980.
    xv, 523 p. : : ill. ; ; 24 cm.- (Prentice-Hall series in electrical and computer engineering )
    Includes index.-Bibliography: p. 509-513.
    
    ISBN 0137534671.
    
●
相关链接 在E读中查询图书 在五车中查询图书 在当当中查询图书 在豆瓣中查询图书


正题名:RC active circuits     索取号:TM13:H31/x65         预约/预借

序号 登录号 条形码 馆藏地/架位号 状态 备注
1 49545   000634610   第四借阅区/ [索取号:TM13:H31/x65] 在馆    
2 49546   000634601   第四借阅区/ [索取号:TM13:H31/x65] 在馆    
唐山师范学院图书馆 欢迎您!
大连网信软件有限公司© 版权所有